Microwave noise in semiconductor devices (Record no. 8060)
[ view plain ]
| 000 -LEADER | |
|---|---|
| fixed length control field | 00692 a2200217 4500 |
| 020 ## - INTERNATIONAL STANDARD BOOK NUMBER | |
| International Standard Book Number | 0471384321 |
| 040 ## - CATALOGING SOURCE | |
| Original cataloging agency | DLC |
| Language of cataloging | DLC |
| 082 ## - DEWEY DECIMAL CLASSIFICATION NUMBER | |
| Classification number | 621.38133 |
| 100 1# - MAIN ENTRY--PERSONAL NAME | |
| Personal name | Hartnagel, Hans, |
| 245 10 - TITLE STATEMENT | |
| Title | Microwave noise in semiconductor devices |
| Statement of responsibility, etc. | Hans Ludwig Hartnagel, Ramåµ®as Katilius, Arvydas Matulionis. |
| 260 ## - PUBLICATION, DISTRIBUTION, ETC. | |
| Place of publication, distribution, etc. | New York : |
| Name of publisher, distributor, etc. | John Wiley, |
| Date of publication, distribution, etc. | c2001. |
| 300 ## - PHYSICAL DESCRIPTION | |
| Extent | xviii, 293 p. : |
| Other physical details | ill. ; |
| Dimensions | 25 cm. |
| 500 ## - GENERAL NOTE | |
| General note | "A Wiley-Interscience Publication." |
| 650 #0 - SUBJECT ADDED ENTRY--TOPICAL TERM | |
| Topical term or geographic name entry element | Electronic circuits |
| 650 #0 - SUBJECT ADDED ENTRY--TOPICAL TERM | |
| Topical term or geographic name entry element | Solid state electronics. |
| 650 #0 - SUBJECT ADDED ENTRY--TOPICAL TERM | |
| Topical term or geographic name entry element | Semiconductors. |
| 650 #0 - SUBJECT ADDED ENTRY--TOPICAL TERM | |
| Topical term or geographic name entry element | Microwave circuits. |
| 700 1# - ADDED ENTRY--PERSONAL NAME | |
| Personal name | Katilius, Ramunas. |
| 700 1# - ADDED ENTRY--PERSONAL NAME | |
| Personal name | Matulionis, A. |
| Dates associated with a name | 1946- |
| 942 ## - ADDED ENTRY ELEMENTS (KOHA) | |
| Koha item type | Book |
| Call number prefix | 621.38133 HAR |
| Source of classification or shelving scheme | |
| Withdrawn status | Lost status | Damaged status | Not for loan | Collection code | Permanent Location | Current Location | Shelving location | Date acquired | Source of acquisition | Cost, normal purchase price | Total Checkouts | Full call number | Barcode | Date last seen | Price effective from | Koha item type |
|---|---|---|---|---|---|---|---|---|---|---|---|---|---|---|---|---|
| Central Library (CL) | Central Library (CL) | General Stacks | 03/14/2005 | Multi-Line Books | 6974.27 | 621.38133 HAR | SEECS005425 | 11/14/2012 | 01/05/2017 | Book |
